| 000 | 01778nam a22004697a 4500 | ||
|---|---|---|---|
| 003 | OSt | ||
| 005 | 20230322145420.0 | ||
| 008 | 221006b |||||||| |||| 00| 0 eng d | ||
| 040 | _cBiblioteca Lado V | ||
| 082 |
_a701.1 _bS744a |
||
| 100 |
_9795 _aSrendni de Birbragher, Celia _eeditora _edirectora |
||
| 245 | _aArtNexus/ | ||
| 260 |
_bAsociación de Revistas Culturales _c2009 _aU.S.A. _aColombia |
||
| 300 |
_c21x28cm _a174p. |
||
| 366 | _eeng | ||
| 490 |
_a75 _v2009 _v8 _x0121 5639 |
||
| 505 |
_tPlaceres constructivos para la generación X y Y _aEntre el dibujo y el desdibujo |
||
| 505 | _tMarta Minujin | ||
| 505 | _tBartomeu Mari | ||
| 505 | _tSandra Cinto | ||
| 505 | _tRealidad desnuda sobre la obra de Regina Galindo | ||
| 505 |
_tNijinsky _aReducción o totalidad? |
||
| 505 |
_tFernando Uhía _aUn humor reflexivo |
||
| 505 |
_tEntre el arte y el diseño _aHibridación y apertura en Luna Park |
||
| 505 | _tCronicas | ||
| 505 | _tExposiciones colectivas | ||
| 505 | _tReseña de libro | ||
| 505 | _tGuía de Galerías y Museos | ||
| 505 | _tLibros y Catalogos | ||
| 505 | _tLibros para la venta | ||
| 650 |
_2Tesauro de Arte & Arquitectura _aARTE _9703 |
||
| 650 |
_2Tesauro de Arte & Arquitectura _aEXPOSICIONES |
||
| 650 |
_2Tesauro de Arte & Arquitectura _aESCULTURA |
||
| 650 |
_2Tesauro de Arte & Arquitectura _aBIENAL |
||
| 650 |
_2Tesauro de Arte & Arquitectura _aAPRECIACION |
||
| 650 |
_2Tesauro de Arte & Arquitectura _aTEORIA |
||
| 650 |
_2Tesauro de Arte & Arquitectura _aCRITICA |
||
| 650 |
_2Tesauro de Arte & Arquitectura _aFOTOGRAFIA _9702 |
||
| 650 |
_2Tesauro de Arte & Arquitectura _aLITERATURA |
||
| 651 |
_2Tesauro de Arte & Arquitectura _aCOLOMBIA |
||
| 942 |
_2ddc _c1 _h701.1 _iS744a _n0 |
||
| 999 |
_c3271 _d3271 |
||